LIBRARY & INFORMATION CENTRE, KCAET, TAVANUR

ONLINE PUBLIC ACCESS CATALOGUE (OPAC)

Use of fertilizers on food grains / (Record no. 1049)

MARC details
000 -LEADER
fixed length control field 00474cam a2200181ua 4500
041 ## - LANGUAGE CODE
Language code of text/sound track or separate title eng
082 ## - DEWEY DECIMAL CLASSIFICATION NUMBER
Classification number 631.8
Item number YAT/US
100 ## - MAIN ENTRY--AUTHOR NAME
Personal name Yates, F .
245 ## - TITLE STATEMENT
Title Use of fertilizers on food grains /
260 ## - PUBLICATION, DISTRIBUTION, ETC. (IMPRINT)
Place of publication New Delhi :
Name of publisher Indian Council for Agricultural Research ,
Year of publication 1963.
300 ## - PHYSICAL DESCRIPTION
Number of Pages 73 ; .
700 1# - ADDED ENTRY--PERSONAL NAME
Personal name Abraham, T P .
700 1# - ADDED ENTRY--PERSONAL NAME
Personal name Finney, D J .
700 1# - ADDED ENTRY--PERSONAL NAME
Personal name Panse, V G .
942 ## - ADDED ENTRY ELEMENTS (KOHA)
Koha item type Books
Holdings
Withdrawn status Lost status Damaged status Home library Current library Date acquired Full call number Accession Number Koha item type
      KAUAET KAUAET 07/04/2012 631.8 6092 Books
Withdrawn     KAUAET KAUAET 30/01/2021 631.8 YAT/US 6091 Books
free website counter